01017cam a2200301 a 4500001000800000005001700008008004100025010001700066015001500083020001500098035002000113040001600133042001400149050002400163082001600187100002100203245008600224260003600310300002100346500002000367650002000387653002100407700005000428906004500478942003300523999001700556952014200573444461720220222100542.0940922s1993 ie 001 0 eng d a 94211573  aGB93-47084 a1856350517 a(OCoLC)28891016 aUkcUkdDLC alccopycat00aPR1175 b.F295 199300a821.008220 aWalsh, Thomas F.00aFavourite poems we learned in school /cchosen and introduced by Thomas F. Walsh. aCork :bMercier Press,c[1993?] a122 p. ;c20 cm. aIncludes index. 0aEnglish poetry.0 aAmerican poetry.1 aWalsh, Thomas F.c(Primary school headmaster) a7bcbcccopycatd3encipf19gy-gencatlg 2lcccBOOKhPR1175 .F295 1993 c31066d31066 00102lcc4070aMUCbMUCcGENd2022-02-22eDonation- Damaris Kimanzig1017.00l0oPR1175 .F295 1993p23812r2022-02-22w2022-02-22yBOOK